Видеоигры в современной медиакультуре: дискурсы, медиариторика и актуальные смыслы (Запись № 13670958)

Подробности
000 -МАРКЕР
контрольное поле 02914nam0a2200373 4500
001 - ИДЕНТИФИКАТОР ЗАПИСИ
контрольное поле RU\NLR\BIBL_A\022466195
005 - ИДЕНТИФИКАТОР ВЕРСИИ
контрольное поле 20260420030238.0
010 ## - МЕЖДУНАРОДНЫЙ СТАНДАРТНЫЙ НОМЕР КНИГИ (ISBN)
Номер (ISBN) 978-5-16-020518-2
Тираж 1000
021 ## - НОМЕР ГОСУДАРСТВЕННОЙ РЕГИСТРАЦИИ
Код страны Российская Федерация
Номер КН-П-24-079927
Номер Листа государственной регистраци КН-П-24-7987
035 ## - ДРУГИЕ СИСТЕМНЫЕ НОМЕРА
Идентификатор записи (NLR Aleph) 022466195
100 ## - ДАННЫЕ ОБЩЕЙ ОБРАБОТКИ
Данные общей обработки 20250221d2024 k y0rusy50 ca
101 0# - ЯЗЫК РЕСУРСА
Язык текста, звукозаписи и т.д. русский
102 ## - СТРАНА ПУБЛИКАЦИИ ИЛИ ПРОИЗВОДСТВА
Страна публикации Российская Федерация
105 ## - ПОЛЕ КОДИРОВАННЫХ ДАННЫХ: ТЕКСТОВЫЕ МАТЕРИАЛЫ, МОНОГРАФИЧЕСКИЕ
Кодированные данные о монографическом текстовом документе a z 100zy
181 #0 - ПОЛЕ КОДИРОВАННЫХ ДАННЫХ: ВИД СОДЕРЖАНИЯ
Код вида содержания (ISBD) i3
Код характеристики содержания (ISBD) axxe
182 #0 - ПОЛЕ КОДИРОВАННЫХ ДАННЫХ: ТИП СРЕДСТВА
Код типа средства (ISBD) n - непосредственное
200 1# - ЗАГЛАВИЕ И СВЕДЕНИЯ ОБ ОТВЕТСТВЕННОСТИ
Основное заглавие Видеоигры в современной медиакультуре: дискурсы, медиариторика и актуальные смыслы
Сведения, относящиеся к заглавию материалы Всероссийской с международным участием научно-практической конференции (18 октября 2024 года, г. Липецк)
-- сборник научных трудов
Первые сведения об ответственности Министерство просвещения РФ, Федеральное государственное бюджетное образовательное учреждение высшего образования "Липецкий государственный педагогический университет имени П. П. Семенова-Тян-Шанского", Кафедра философии, политологии и теологии
Последующие сведения об ответственности редколлегия: Беляев Д. А., доктор философских наук [и др.].
203 ## - ВИД СОДЕРЖАНИЯ И ТИП СРЕДСТВА
Вид содержания Текст
Дополнительные сведения об издании визуальный
Тип средства непосредственный
210 ## - ПУБЛИКАЦИЯ, РАСПРОСТРАНЕНИЕ И ДР.
Место издания, распространения и т.д. Липецк
Имя издателя, распространителя и т. д. ЛГПУ имени П.П. Семенова-Тян-Шанского
Дата издания, распространения и т.д. 2024
215 ## - ФИЗИЧЕСКАЯ ХАРАКТЕРИСТИКА
Специфическое обозначение материала и объем 109 c.
Другие сведения о физической характеристике ил.
Размеры 21
320 ## - ПРИМЕЧАНИЯ О НАЛИЧИИ В ДОКУМЕНТЕ БИБЛИОГРАФИИ / УКАЗАТЕЛЯ
Текст примечания Библиогр. в конце докл.
606 1# - НАИМЕНОВАНИЕ ТЕМЫ КАК ПРЕДМЕТ
Наименование темы Обучающие видеоигры
Формальный подзаголовок Съезды, совещания и т.п
Системный номер авторитетной/нормативной записи 2336869
Идентификатор авторитетной/нормативной записи RU\NLR\AUTH\661397085
606 1# - НАИМЕНОВАНИЕ ТЕМЫ КАК ПРЕДМЕТ
Наименование темы Видеоигры
Формальный подзаголовок Съезды, совещания и т.п
Системный номер авторитетной/нормативной записи 2336711
Идентификатор авторитетной/нормативной записи RU\NLR\AUTH\661396997
686 1# - ИНДЕКСЫ ДРУГИХ КЛАССИФИКАЦИЙ
Индекс Ч312.5я431
686 1# - ИНДЕКСЫ ДРУГИХ КЛАССИФИКАЦИЙ
Индекс З973.23-018.921я431(2)
702 #1 - ИМЯ ЛИЦА - ВТОРИЧНАЯ ОТВЕТСТВЕННОСТЬ
Код отношения Редактор
Начальный элемент ввода Беляев
Часть имени, кроме начального элемента ввода Д. А.
Дополнения к именам, кроме дат д-р филос. наук
Даты 1982-
Расширение инициалов личного имени Дмитрий Анатольевич
Системный номер авторитетной/нормативной записи 170458
Идентификатор авторитетной/нормативной записи RU\NLR\AUTH\770170508
711 12 - НАИМЕНОВАНИЕ ОРГАНИЗАЦИИ - АЛЬТЕРНАТИВНАЯ ОТВЕТСТВЕННОСТЬ
Начальный элемент ввода "Видеоигры в современной медиакультуре", всероссийская с международным участием научно-практическая конференция
Место проведения временной организации Липецк
Дата проведения временной организации 2024
Системный номер авторитетной/нормативной записи 2656668
Идентификатор авторитетной/нормативной записи RU\NLR\AUTH\880624300
712 02 - НАИМЕНОВАНИЕ ОРГАНИЗАЦИИ - ВТОРИЧНАЯ ОТВЕТСТВЕННОСТЬ
Код отношения Организатор конференции
Начальный элемент ввода Липецкий государственный педагогический университет им. П. П. Семенова-Тян-Шанского
Структурное подразделение Кафедра философии, политологии и теологии
Системный номер авторитетной/нормативной записи 791193
Идентификатор авторитетной/нормативной записи RU\NLR\AUTH\880562027
942 ## - ДОПОЛНИТЕЛЬНЫЕ ЭЛЕМЕНТЫ ЗАПИСИ (АБИС)
Тип экземпляра АБИС Книга
980 ## - КОЛЛЕКЦИЯ
Название коллекции Национальная библиография

Нет доступных экземпляров.